Voivodatos de Polonia (con mapa) - Estadísticas

Estadísticas generales
  • Esta prueba ha sido intentada 45 veces
  • La puntuación promedio es 10 de 16
Respuestas en el mapa
Las respuestas están codificadas por una escala verde-roja en el mapa de la prueba según el % correcto abajo.
 
Estadísticas de respuestas
Voivodato % Correcto
Pomerania
84%
Silesia
84%
Gran Polonia
77%
Pequeña Polonia
77%
Lublin
71%
Lodz
65%
Mazovia
65%
Opole
65%
Baja Silesia
61%
Subcarpacia
58%
Santa Cruz
55%
Podlaquia
52%
Pomerania Occidental
52%
Lubusz
39%
Cuyavia y Pomerania
32%
Varmia y Masuria
23%
No se encontraron pruebas coincidentes
Distribución de puntuación
Porcentaje de gente con cada puntuación
Porcentaje por número respondido
Historial de tus puntuaciones
No has intentado esta prueba.